<?xml version="1.0" encoding="UTF-8"?>
<record
    xmlns:xsi="http://www.w3.org/2001/XMLSchema-instance"
    xsi:schemaLocation="http://www.loc.gov/MARC21/slim http://www.loc.gov/standards/marcxml/schema/MARC21slim.xsd"
    xmlns="http://www.loc.gov/MARC21/slim">

  <leader>01780cam a22002773a 4500</leader>
  <controlfield tag="001">11771</controlfield>
  <controlfield tag="003">PGUSA</controlfield>
  <controlfield tag="005">20140828083240.0</controlfield>
  <controlfield tag="008">040401s2004||||xxu|||||s|||||000 e eng d</controlfield>
  <datafield tag="040" ind1=" " ind2=" ">
    <subfield code="a">PGUSA</subfield>
    <subfield code="b">eng</subfield>
  </datafield>
  <datafield tag="042" ind1=" " ind2=" ">
    <subfield code="a">dc</subfield>
  </datafield>
  <datafield tag="050" ind1=" " ind2="4">
    <subfield code="a">BX</subfield>
  </datafield>
  <datafield tag="050" ind1=" " ind2="4">
    <subfield code="a">BR</subfield>
  </datafield>
  <datafield tag="100" ind1="1" ind2=" ">
    <subfield code="a">Church, R. W.</subfield>
    <subfield code="q">(Richard William),</subfield>
    <subfield code="d">1815-1890</subfield>
  </datafield>
  <datafield tag="245" ind1="1" ind2="0">
    <subfield code="a">Occasional Papers :</subfield>
    <subfield code="b">Selected from the Guardian, the Times, and the Saturday Review, 1846-1890, Vol. 2</subfield>
    <subfield code="h">[electronic resource] /</subfield>
    <subfield code="c">R. W. Church</subfield>
  </datafield>
  <datafield tag="260" ind1=" " ind2=" ">
    <subfield code="b">Project Gutenberg,</subfield>
    <subfield code="c">2004</subfield>
  </datafield>
  <datafield tag="505" ind1="0" ind2=" ">
    <subfield code="a">Mr. Gladstone on the royal supremacy -- Joyce on courts of spiritual appeal -- Privy council judgments -- Sir John Coleridge on the purchas case -- Mr. Gladstone's letter on the English church -- Disendowment -- The new court -- Mozley's Bampton lectures -- Ecce homo -- The author of "Robert Elsmere" on a new reformation -- Renan's "Vie de Jesus" -- Renan's "Les ap&#xF4;tres" -- Renan's Hibbert lectures -- Renan's "Souvenirs d'enfance" -- Life of Frederick Robertson -- Life of Baron Bunsen -- Coleridge's Memoir of Keble -- Maurice's theological essays -- Frederick Denison Maurice -- Sir Richard Church -- Death of Bishop Wilberforce -- Retirement of the provost of Oriel -- Mark Pattison -- Pattison's essays -- Bishop Frazer -- Newman's "Apologia" -- Dr. Newman on the "Eirenicon" -- Newman's Parochial sermons -- Cardinal Newman -- Cardinal Newman's course -- Cardinal Newman's naturalness -- Lord Blachford.</subfield>
  </datafield>
  <datafield tag="506" ind1=" " ind2=" ">
    <subfield code="a">Public domain in the USA.</subfield>
  </datafield>
  <datafield tag="516" ind1=" " ind2=" ">
    <subfield code="a">Electronic text</subfield>
  </datafield>
  <datafield tag="653" ind1=" " ind2=" ">
    <subfield code="a">Christianity</subfield>
  </datafield>
  <datafield tag="653" ind1=" " ind2=" ">
    <subfield code="a">Great Britain -- Church history -- 19th century</subfield>
  </datafield>
  <datafield tag="653" ind1=" " ind2=" ">
    <subfield code="a">Church and state -- Great Britain</subfield>
  </datafield>
  <datafield tag="830" ind1=" " ind2="0">
    <subfield code="a">Project Gutenberg</subfield>
    <subfield code="v">11771</subfield>
  </datafield>
  <datafield tag="856" ind1="4" ind2="0">
    <subfield code="u">http://www.gutenberg.org/ebooks/11771</subfield>
  </datafield>
  <datafield tag="942" ind1=" " ind2=" ">
    <subfield code="c">EB</subfield>
  </datafield>
  <datafield tag="999" ind1=" " ind2=" ">
    <subfield code="c">241026</subfield>
    <subfield code="d">241026</subfield>
  </datafield>
  <datafield tag="952" ind1=" " ind2=" ">
    <subfield code="0">0</subfield>
    <subfield code="1">0</subfield>
    <subfield code="4">0</subfield>
    <subfield code="a">GTB</subfield>
    <subfield code="b">GTB</subfield>
    <subfield code="d">2014-08-28</subfield>
    <subfield code="l">0</subfield>
    <subfield code="r">2014-08-28 00:00:00</subfield>
    <subfield code="w">2014-08-28</subfield>
    <subfield code="y">EB</subfield>
  </datafield>
</record>
